000 00331nam a2200133Ia 4500
005 20251222142029.0
008 251222s9999||||xx |||||||||||||| ||spa||
020 _a978-9972-664-40-3
082 _a346.048/R24
100 _aRamos Núñez, Carlos
245 0 _aEl Indecopi a sus Veinte Años:
264 _bIndecopi
942 _cLIB
999 _c10918
_d10918